| 000 | 00703nam a2200193 u 4500 | ||
|---|---|---|---|
| 001 | 000250917 | ||
| 003 | AM-YeHGA | ||
| 005 | 20250618071701.0 | ||
| 008 | 030729s1953 |||| |||||||||||||arm d | ||
| 040 | _aAM-YeHGA | ||
| 100 | 1 | _aԳոլուբևա, Ա. | |
| 245 | 1 | 0 |
_aՈւրժումցի տղան : _bՎիպակ Ս.Մ. Կիրովի մանկ. և պատանեկ. մասին / _cԱ. Գոլուբևա; Թարգմ.՝ Աղավնի. |
| 260 |
_aԵրևան : _bՀայպետհրատ, _c1953. |
||
| 300 |
_a250 էջ : _bնկ. ; _c20 սմ. |
||
| 600 | 1 | 4 | _aԿիրով, Ս.Մ. |
| 650 | 1 | 4 |
_aՌուս գրականություն _xՎիպակ |
| 700 | 0 |
_aԱղավնի, _d1911-1992 _eթարգմ. _4trl _982 |
|
| 090 | _c91192 | ||
| 999 |
_c89903 _d89903 |
||